| 000 | 00650nam a2200217Ia 4500 | ||
|---|---|---|---|
| 003 | OSt | ||
| 005 | 20240513092015.0 | ||
| 008 | 210210b1996 xxu||||| |||| 00| 0 eng d | ||
| 040 | _cAL | ||
| 041 | _aKannada | ||
| 082 | _aK894.3 YANA | ||
| 100 |
_aYANDAMURI VIRENDRANATH. _dಯಂಡಮೂರಿ ವೀರೇಂದ್ರನಾಥ್ _9164140 |
||
| 245 |
_aAnaitika _b ಅನೈತಿಕ |
||
| 260 |
_aBengaluru _bSugosha Sahitya _c1996 |
||
| 300 | _a288 | ||
| 650 |
_aRaja Chendur _9164141 |
||
| 690 |
_aKannada Fiction _9164142 |
||
| 700 |
_aRaja Chendur _dರಾಜಾಚೆಂಡೂರ್ Tr _9164143 |
||
| 906 | _a053588 | ||
| 942 |
_2ddc _cBK |
||
| 999 |
_c101828 _d101828 |
||